[Event "NED-ch 1989"]
[Site "Hilversum"]
[Date "1989.??.??"]
[Round "1"]
[White "Brenninkmeijer, Joris"]
[Black "Piket, Jeroen"]
[Result "1/2-1/2"]
[WhiteElo "2415"]
[BlackElo "2500"]
[PlyCount "32"]
[EventDate "1989.04.??"]
[Source "ChessBase"]
[SourceDate "1996.11.15"]

1. d4 Nf6 2. c4 e6 3. Nc3 d5 4. cxd5 exd5 5. Bg5 c6 6. Qc2 Na6 7. e3 Nc7 8. Bd3
Ne6 9. Bh4 Be7 10. Nf3 g6 11. O-O O-O 12. Rab1 Ng7 13. b4 a6 14. a4 Nf5 15.
Bxf6 Bxf6 16. b5 axb5 1/2-1/2

[Event "NED-ch 1989"]
[Site "Hilversum"]
[Date "1989.??.??"]
[Round "1"]
[White "Douven, Rudy"]
[Black "Cuijpers, Frans"]
[Result "1/2-1/2"]
[WhiteElo "2445"]
[BlackElo "2405"]
[PlyCount "120"]
[EventDate "1989.04.??"]
[Source "ChessBase"]
[SourceDate "1996.11.15"]

1. d4 d5 2. c4 c6 3. Nc3 Nf6 4. e3 g6 5. Nf3 Bg7 6. Be2 O-O 7. O-O Be6 8. b3 c5
9. Ba3 cxd4 10. Nxd4 Nc6 11. Nxe6 fxe6 12. Bb2 Rc8 13. Bg4 Nxg4 14. Qxg4 Rf5
15. e4 d4 16. Rad1 Rf6 17. f4 Kh8 18. e5 Nxe5 19. fxe5 Rxf1+ 20. Kxf1 Qf8+ 21.
Kg1 dxc3 22. Bxc3 b5 23. Qxe6 bxc4 24. bxc4 Bh6 25. Bd4 Rd8 26. Rf1 Qg8 27.
Qxg8+ Kxg8 28. Bxa7 Ra8 29. Bc5 Rxa2 30. Bxe7 Be3+ 31. Kh1 Rc2 32. g3 Rxc4 33.
Kg2 Re4 34. Bd6 Bh6 35. Rb1 Bd2 36. Rb3 h5 37. Kf3 Re1 38. Kf2 Re4 39. Rb8+ Kf7
40. Rf8+ Kg7 41. Rf3 Be1+ 42. Kf1 h4 43. Ra3 hxg3 44. hxg3 g5 45. Rf3 g4 46.
Rf4 Rxf4+ 47. gxf4 Bg3 48. f5 Kh6 49. Bb8 Bh4 50. e6 Be7 51. Bf4+ Kh5 52. Kg2
Kh4 53. Be3 Bd8 54. Kf2 Be7 55. Bf4 Kh3 56. Ke3 g3 57. Ke4 g2 58. Be3 Bf6 59.
Kf4 Kh4 60. Kf3 Kh3 1/2-1/2

[Event "NED-ch 1989"]
[Site "Hilversum"]
[Date "1989.??.??"]
[Round "1"]
[White "Langeweg, Kick"]
[Black "Van der Wiel, John"]
[Result "1-0"]
[WhiteElo "2365"]
[BlackElo "2560"]
[PlyCount "115"]
[EventDate "1989.04.??"]
[Source "ChessBase"]
[SourceDate "1996.11.15"]

1. d4 d6 2. e4 Nf6 3. Nd2 g6 4. Ngf3 Bg7 5. c3 O-O 6. Be2 Nc6 7. O-O Re8 8. Re1
e5 9. Bb5 exd4 10. cxd4 Bd7 11. h3 h6 12. a3 Nh7 13. Nf1 a6 14. Bc4 Ng5 15.
Bxg5 hxg5 16. Qd2 g4 17. hxg4 Rf8 18. N1h2 Ne7 19. Rad1 Bb5 20. Bxb5 axb5 21.
g5 Ra4 22. Ng4 Nc6 23. Qe3 Qe7 24. b4 Rfa8 25. Rd3 Qe6 26. Nf6+ Bxf6 27. d5 Qe8
28. gxf6 Ne5 29. Qh6 Qf8 30. Qxf8+ Kxf8 31. Nxe5 dxe5 32. Rc1 Rc8 33. Rdc3 c6
34. dxc6 bxc6 35. Rxc6 Rxc6 36. Rxc6 Kg8 37. Rc8+ Kh7 38. Rc7 Kg8 39. Rc8+ Kh7
40. Rf8 Ra7 41. Re8 Rxa3 42. Rxe5 Ra1+ 43. Kh2 Ra6 44. Rxb5 Rxf6 45. Kg3 Kg7
46. f4 Ra6 47. e5 Ra3+ 48. Kg4 Ra2 49. g3 Ra3 50. Rb7 Re3 51. b5 Kg8 52. b6 Rb3
53. Kh4 Rb5 54. Kg5 Kg7 55. Kg4 Kf8 56. Kf3 Rb3+ 57. Ke4 Rxg3 58. e6 1-0

[Event "NED-ch 1989"]
[Site "Hilversum"]
[Date "1989.??.??"]
[Round "1"]
[White "Nijboer, Friso"]
[Black "Kuijf, Rini"]
[Result "0-1"]
[WhiteElo "2445"]
[BlackElo "2485"]
[PlyCount "120"]
[EventDate "1989.04.??"]
[Source "ChessBase"]
[SourceDate "1996.11.15"]

1. e4 c5 2. Nf3 d6 3. d4 cxd4 4. Nxd4 Nf6 5. Nc3 e5 6. Nde2 Be7 7. g3 Be6 8.
Bg2 Qd7 9. Bg5 h6 10. Bxf6 Bxf6 11. Qd2 Nc6 12. O-O Ne7 13. Rad1 Rd8 14. a4 O-O
15. b3 a6 16. Qc1 Qc7 17. Rd3 Qc5 18. Qe3 Nc6 19. Nd5 Bxd5 20. exd5 Nd4 21. Nc3
Be7 22. f4 f5 23. Kh1 Bf6 24. fxe5 Bxe5 25. Bh3 Rc8 26. Ne2 Nxe2 27. Qxe2 g6
28. c4 h5 29. Qe3 Qxe3 30. Rxe3 b5 31. axb5 axb5 32. cxb5 Rc5 33. Rd1 Rxb5 34.
Bf1 Ra5 35. Bc4 Rc8 36. Re2 Kg7 37. Kg2 Kf6 38. Rf1 Ra7 39. Rff2 Rca8 40. Rf1
Kg5 41. Rc2 h4 42. gxh4+ Kxh4 43. Bb5 Rb8 44. Bc4 Kg5 45. h3 Rh8 46. Bb5 Rxh3
47. Kxh3 Rh7+ 48. Kg2 Rh2+ 49. Kf3 Rxc2 50. Rb1 Kf6 51. b4 g5 52. Bd7 Rb2 53.
Rxb2 Bxb2 54. b5 Bd4 55. Kg3 Ke5 56. Kf3 Bb6 57. Bc8 Ba5 58. Bd7 Kf6 59. Kg3
Ke5 60. Kf3 g4+ 0-1

[Event "NED-ch 1989"]
[Site "Hilversum"]
[Date "1989.??.??"]
[Round "1"]
[White "Van der Sterren, Paul"]
[Black "Blees, Albert"]
[Result "1/2-1/2"]
[WhiteElo "2500"]
[BlackElo "2345"]
[PlyCount "87"]
[EventDate "1989.04.??"]
[Source "ChessBase"]
[SourceDate "1996.11.15"]

1. d4 Nf6 2. c4 c5 3. d5 b5 4. cxb5 a6 5. bxa6 g6 6. Nc3 Bxa6 7. g3 d6 8. Bg2
Bg7 9. Nf3 Nbd7 10. O-O Nb6 11. Re1 O-O 12. Bf4 Nc4 13. Qc1 Ng4 14. h3 Nge5 15.
Nxe5 Nxe5 16. Bh6 Bxh6 17. Qxh6 Qa5 18. Ne4 f6 19. Qd2 Qxd2 20. Nxd2 Rfb8 21.
b3 Ra7 22. f4 Nd7 23. e4 Rba8 24. a4 Rb8 25. Bf1 Rb4 26. Bxa6 Rxa6 27. Kf2 Kf7
28. a5 Rb5 29. Nc4 Rxb3 30. Reb1 Rb4 31. Rxb4 cxb4 32. Ke3 Nc5 33. Rb1 Nb7 34.
Rxb4 Nxa5 35. Nd2 Ra7 36. Rb5 Ke8 37. e5 fxe5 38. fxe5 dxe5 39. Rb8+ Kf7 40.
Ke4 Rb7 41. Rh8 Rb2 42. Ke3 Kg7 43. Re8 Kf7 44. Rh8 1/2-1/2

[Event "NED-ch 1989"]
[Site "Hilversum"]
[Date "1989.??.??"]
[Round "2"]
[White "Cuijpers, Frans"]
[Black "Van der Sterren, Paul"]
[Result "1/2-1/2"]
[WhiteElo "2405"]
[BlackElo "2500"]
[PlyCount "79"]
[EventDate "1989.04.??"]
[Source "ChessBase"]
[SourceDate "1996.11.15"]

1. e4 e5 2. Nf3 Nc6 3. Bb5 a6 4. Ba4 Nf6 5. O-O Be7 6. Re1 b5 7. Bb3 d6 8. c3
O-O 9. h3 Nb8 10. d4 Nbd7 11. Nbd2 Bb7 12. Bc2 Re8 13. b3 Bf8 14. d5 c6 15. c4
Qc7 16. Nf1 bxc4 17. bxc4 Nc5 18. N3d2 g6 19. Nb3 Nxb3 20. Bxb3 Nd7 21. Be3 c5
22. Ba4 Reb8 23. Bd2 Be7 24. Bc3 Bd8 25. Qd2 Nb6 26. Bb3 Bf6 27. Rab1 Bc8 28.
Rb2 Qe7 29. Ba5 Rb7 30. Reb1 Rab8 31. Qe2 Qe8 32. Ne3 Bd8 33. Bd1 Nd7 34. Rxb7
Rxb7 35. Rxb7 Bxb7 36. Qb2 Bc8 37. Bd2 Nf6 38. Bc2 Qd7 39. Qb8 Qc7 40. Qxc7
1/2-1/2

[Event "NED-ch 1989"]
[Site "Hilversum"]
[Date "1989.??.??"]
[Round "2"]
[White "Nijboer, Friso"]
[Black "Vanheste, Jeroen"]
[Result "1/2-1/2"]
[WhiteElo "2445"]
[BlackElo "2410"]
[PlyCount "120"]
[EventDate "1989.04.??"]
[Source "ChessBase"]
[SourceDate "1996.11.15"]

1. e4 c5 2. Nf3 Nc6 3. d4 cxd4 4. Nxd4 g6 5. c4 Bg7 6. Nc2 Nf6 7. Nc3 O-O 8.
Be2 d6 9. O-O Nd7 10. Bd2 Nc5 11. Rc1 Bxc3 12. Bxc3 Nxe4 13. Be1 Be6 14. f3 Nf6
15. Bc3 d5 16. c5 d4 17. Nxd4 Nxd4 18. Bxd4 Qa5 19. a3 Rfd8 20. Qd3 Nd5 21. b4
Nf4 22. Qe3 Nxe2+ 23. Qxe2 Qc7 24. Be5 Qd7 25. Ba1 Bd5 26. Rfe1 Re8 27. Rcd1
Rad8 28. Rd3 Qc7 29. Re3 Rd7 30. Bf6 Be6 31. Ba1 Bd5 32. Bf6 Be6 33. Rxe6 fxe6
34. Qxe6+ Kf8 35. Bg5 Kg7 36. Bf4 Qc6 37. Bd6 exd6 38. Qxe8 dxc5 39. Qe5+ Qf6
40. Qxc5 b6 41. Qe3 Qd6 42. h4 h5 43. Qc3+ Qf6 44. Re3 Qxc3 45. Rxc3 Kf6 46.
Kh2 Kf5 47. Kg3 Rd5 48. Rc7 a5 49. Rf7+ Ke5 50. Rb7 axb4 51. Rxb6 bxa3 52. Rxg6
a2 53. Ra6 Rd2 54. Kh3 Kf4 55. Ra3 Ke5 56. g4 hxg4+ 57. Kxg4 Kf6 58. Ra6+ Kg7
59. Kg3 Rb2 60. Kg4 Rg2+ 1/2-1/2

[Event "NED-ch 1989"]
[Site "Hilversum"]
[Date "1989.??.??"]
[Round "2"]
[White "Van der Wiel, John"]
[Black "Brenninkmeijer, Joris"]
[Result "1/2-1/2"]
[WhiteElo "2560"]
[BlackElo "2415"]
[PlyCount "87"]
[EventDate "1989.04.??"]
[Source "ChessBase"]
[SourceDate "1996.11.15"]

1. e4 c5 2. Nf3 d6 3. d4 cxd4 4. Nxd4 Nf6 5. Nc3 e6 6. f4 a6 7. Qf3 Qb6 8. Nb3
Qc7 9. g4 b5 10. g5 Nfd7 11. Bd3 Nc5 12. Nxc5 dxc5 13. e5 Bb7 14. Be4 Nc6 15.
Be3 O-O-O 16. O-O Be7 17. Rad1 Nb4 18. Qg2 Bxe4 19. Qxe4 Qc6 20. Rxd8+ Kxd8 21.
a3 Qxe4 22. Nxe4 Nxc2 23. Bxc5 Bxc5+ 24. Nxc5 Ke7 25. Nxa6 Rc8 26. Rc1 Rc4 27.
b3 Rc6 28. Nb8 Rc8 29. a4 bxa4 30. bxa4 Rxb8 31. Rxc2 Rb4 32. Rc7+ Ke8 33. a5
Ra4 34. Ra7 Rxf4 35. a6 Ra4 36. Ra8+ Kd7 37. a7 Ke7 38. Kf2 g6 39. h4 Ra2+ 40.
Ke3 Ra3+ 41. Kd4 Ra4+ 42. Kc3 Ra3+ 43. Kb2 Ra6 44. Kb3 1/2-1/2

[Event "NED-ch 1989"]
[Site "Hilversum"]
[Date "1989.??.??"]
[Round "3"]
[White "Brenninkmeijer, Joris"]
[Black "Blees, Albert"]
[Result "0-1"]
[WhiteElo "2415"]
[BlackElo "2345"]
[PlyCount "120"]
[EventDate "1989.04.??"]
[Source "ChessBase"]
[SourceDate "1996.11.15"]

1. d4 Nf6 2. c4 d6 3. Nc3 e5 4. Nf3 e4 5. Ng5 Bf5 6. g4 Bxg4 7. Bg2 Be7 8.
Ngxe4 Nxe4 9. Bxe4 c6 10. Qd3 Bh5 11. Bf4 Na6 12. O-O-O Bg6 13. Bxg6 hxg6 14.
d5 Rh4 15. e3 Qa5 16. Kb1 Rc8 17. Bg3 Rh5 18. e4 Kf8 19. Rhe1 Kg8 20. f4 cxd5
21. cxd5 g5 22. f5 Bf6 23. Rc1 Rh6 24. Qb5 Qd8 25. Ne2 Nc5 26. Ng1 a6 27. Qe2
Qb6 28. e5 dxe5 29. Qe3 e4 30. Re2 Qb5 31. Bd6 b6 32. Bxc5 bxc5 33. Qxe4 Rh4
34. Qg2 Qd7 35. Ka1 c4 36. Rec2 Qxf5 37. Ne2 Be5 38. Ng3 Bxg3 39. hxg3 Rd4 40.
Qe2 Qxd5 41. Qh5 g4 42. Qxd5 Rxd5 43. b3 Rd3 44. Rc3 Rxc3 45. Rxc3 f5 46. bxc4
g5 47. Kb2 Kf7 48. Kc2 Kf6 49. Kd3 Ke5 50. Ra3 Rd8+ 51. Ke3 f4+ 52. Ke2 Rd6 53.
Ra5+ Kf6 54. c5 Rc6 55. Ra4 Ke5 56. gxf4+ gxf4 57. Rc4 Kf5 58. Kf2 Ke5 59. Kg2
Kf5 60. Kf2 Kg5 0-1

[Event "NED-ch 1989"]
[Site "Hilversum"]
[Date "1989.??.??"]
[Round "3"]
[White "Piket, Jeroen"]
[Black "Van der Wiel, John"]
[Result "1/2-1/2"]
[WhiteElo "2500"]
[BlackElo "2560"]
[PlyCount "148"]
[EventDate "1989.04.??"]
[Source "ChessBase"]
[SourceDate "1996.11.15"]

1. d4 Nf6 2. Nf3 e6 3. c4 b6 4. Nc3 Bb7 5. a3 d5 6. Bg5 Nbd7 7. cxd5 exd5 8.
Qa4 Be7 9. Ne5 c5 10. e3 O-O 11. Nxd7 Nxd7 12. Bxe7 Qxe7 13. Be2 c4 14. Bf3 Nf6
15. Qb4 Qe6 16. a4 a5 17. Qa3 Ne4 18. Bxe4 dxe4 19. h4 Qg4 20. Qe7 Rab8 21. Qg5
Qe6 22. d5 Qd6 23. Rd1 f5 24. O-O Ba6 25. f3 h6 26. Qf4 Qxf4 27. exf4 exf3 28.
Rxf3 b5 29. axb5 Bxb5 30. Re3 Rb7 31. Ra1 Bd7 32. Rxa5 Rxb2 33. Rc5 Rb4 34. Rc7
Rf7 35. Re5 Rb6 36. Rxc4 Rg6 37. Ne2 Rg4 38. g3 Bb5 39. Rc8+ Kh7 40. Nd4 Rxg3+
41. Kf2 Bd7 42. Kxg3 Bxc8 43. Re8 Rc7 44. Kf2 Rc4 45. Ke3 Rc3+ 46. Kd2 Rc4 47.
Ke3 Rc3+ 48. Kd2 Rc4 49. Kd3 Ba6 50. Re5 Ra4+ 51. Kc3 Rc4+ 52. Kd3 Ra4+ 53. Ke3
Ra3+ 54. Kf2 Ra2+ 55. Kg3 Ra3+ 56. Kf2 Ra2+ 57. Ke1 Ra4 58. Ne6 Bc8 59. Nf8+
Kg8 60. Ng6 Kf7 61. h5 Kf6 62. Re8 Re4+ 63. Rxe4 fxe4 64. Kf2 Bb7 65. d6 Ke6
66. Ne7 Kxd6 67. Nf5+ Ke6 68. Nxg7+ Kf6 69. Ne8+ Ke6 70. Ke3 Bc6 71. Nc7+ Kf5
72. Na6 Ba4 73. Nc5 Bc2 74. Kd2 Kxf4 1/2-1/2

[Event "NED-ch 1989"]
[Site "Hilversum"]
[Date "1989.??.??"]
[Round "3"]
[White "Van der Sterren, Paul"]
[Black "Gelpke, Peter"]
[Result "1-0"]
[WhiteElo "2500"]
[BlackElo "2395"]
[PlyCount "75"]
[EventDate "1989.04.??"]
[Source "ChessBase"]
[SourceDate "1996.11.15"]

1. d4 d5 2. Nf3 Bf5 3. c4 e6 4. Qb3 Nc6 5. c5 Rb8 6. Bf4 h6 7. e3 g5 8. Bg3
Nge7 9. Nc3 Bg7 10. Be2 Bg6 11. h3 O-O 12. O-O b6 13. Nb5 bxc5 14. Bxc7 Rxb5
15. Bxd8 Rxb3 16. Bxe7 Rxb2 17. Bxf8 Kxf8 18. Rfc1 Rxe2 19. Rxc5 Nb4 20. Rc8+
Ke7 21. Rc7+ Kf6 22. Rxa7 Nd3 23. a4 Be4 24. a5 Kg6 25. a6 Nxf2 26. Rb7 Nxh3+
27. gxh3 Bxf3 28. a7 Rxe3 29. Rb4 h5 30. a8=Q g4 31. hxg4 hxg4 32. Qg8 Re4 33.
Ra7 Rf4 34. Rbb7 Kh6 35. Rxf7 Bxd4+ 36. Kf1 Rxf7 37. Rxf7 Be4 38. Qxg4 1-0

[Event "NED-ch 1989"]
[Site "Hilversum"]
[Date "1989.??.??"]
[Round "4"]
[White "Cuijpers, Frans"]
[Black "Brenninkmeijer, Joris"]
[Result "1-0"]
[WhiteElo "2405"]
[BlackElo "2415"]
[PlyCount "90"]
[EventDate "1989.04.??"]
[Source "ChessBase"]
[SourceDate "1996.11.15"]

1. e4 c5 2. Nf3 d6 3. d4 cxd4 4. Nxd4 Nf6 5. Nc3 e6 6. Be2 Be7 7. O-O O-O 8. f4
Qc7 9. Kh1 a6 10. a4 Nc6 11. Be3 Re8 12. Bf3 Bd7 13. Nb3 Na5 14. Nxa5 Qxa5 15.
Qd4 e5 16. Qd2 Rac8 17. Rfd1 Qb4 18. Ra3 Qc4 19. Rb3 exf4 20. Bxf4 Bc6 21. Qd3
Qe6 22. h3 Rcd8 23. Nd5 Qd7 24. Rb4 Bxd5 25. exd5 Qc7 26. Qb3 Rd7 27. c4 Bf8
28. c5 Qxc5 29. Rxb7 Rxb7 30. Qxb7 Ne4 31. Kh2 a5 32. Re1 Qd4 33. Qb5 Ng5 34.
Rxe8 Qxf4+ 35. Kh1 Nxf3 36. gxf3 Qxf3+ 37. Kh2 Qf2+ 38. Kh1 Qf3+ 39. Kg1 Qg3+
40. Kf1 Qxh3+ 41. Ke1 g5 42. Qxa5 g4 43. Qa8 Qh1+ 44. Kd2 Qh6+ 45. Ke2 Qh2+ 1-0

[Event "NED-ch 1989"]
[Site "Hilversum"]
[Date "1989.??.??"]
[Round "4"]
[White "Gelpke, Peter"]
[Black "Langeweg, Kick"]
[Result "1/2-1/2"]
[WhiteElo "2395"]
[BlackElo "2365"]
[PlyCount "42"]
[EventDate "1989.04.??"]
[Source "ChessBase"]
[SourceDate "1996.11.15"]

1. d4 Nf6 2. Nf3 e6 3. Bg5 c5 4. e3 Be7 5. c4 h6 6. Bxf6 Bxf6 7. Nc3 cxd4 8.
exd4 Nc6 9. Qd2 O-O 10. Be2 d5 11. cxd5 exd5 12. O-O Bg4 13. Rad1 Qa5 14. Qf4
Be6 15. a3 Rac8 16. Rfe1 Qc7 17. Qxc7 Rxc7 18. Bd3 Rd8 19. Bb1 Kf8 20. h3 a6
21. Ne2 g5 1/2-1/2

[Event "NED-ch 1989"]
[Site "Hilversum"]
[Date "1989.??.??"]
[Round "4"]
[White "Kuijf, Rini"]
[Black "Van der Wiel, John"]
[Result "0-1"]
[WhiteElo "2485"]
[BlackElo "2560"]
[PlyCount "70"]
[EventDate "1989.04.??"]
[Source "ChessBase"]
[SourceDate "1996.11.15"]

1. e4 e5 2. Nf3 Nc6 3. Bc4 Nf6 4. d3 Be7 5. O-O O-O 6. Nc3 d6 7. Bg5 Na5 8.
Bxf6 Bxf6 9. Nd5 Nxc4 10. dxc4 g6 11. Nxf6+ Qxf6 12. Qd3 b6 13. Nd2 Bb7 14.
Rfe1 Qg5 15. Qe3 Qxe3 16. Rxe3 f5 17. f3 fxe4 18. Nxe4 Rf4 19. Rae1 Raf8 20. b3
Bxe4 21. Rxe4 Kg7 22. Kf2 Rxe4 23. Rxe4 Kf6 24. Ke3 c6 25. Kd3 Rf7 26. Re2 Ke6
27. Re4 g5 28. Re1 Rf4 29. Re4 h5 30. Rxf4 gxf4 31. g4 hxg4 32. fxg4 d5 33.
cxd5+ cxd5 34. c3 e4+ 35. Kd4 b5 0-1

[Event "NED-ch 1989"]
[Site "Hilversum"]
[Date "1989.??.??"]
[Round "4"]
[White "Nijboer, Friso"]
[Black "Van der Sterren, Paul"]
[Result "1/2-1/2"]
[WhiteElo "2445"]
[BlackElo "2500"]
[PlyCount "83"]
[EventDate "1989.04.??"]
[Source "ChessBase"]
[SourceDate "1996.11.15"]

1. e4 c6 2. c4 d5 3. exd5 cxd5 4. cxd5 Nf6 5. Nc3 Nxd5 6. Nf3 e6 7. d4 Nc6 8.
Bd3 Be7 9. O-O O-O 10. Re1 Bf6 11. Be4 Nce7 12. Ne5 Nc6 13. Qd3 h6 14. a3 Bxe5
15. dxe5 Nxe5 16. Qg3 Nxc3 17. Bxh6 Ng6 18. bxc3 gxh6 19. Bxg6 Qg5 20. Be4 Qxg3
21. hxg3 Rb8 22. Rad1 b5 23. Rd6 Bb7 24. Rd7 Bxe4 25. Rxe4 a6 26. Rg4+ Kh7 27.
Rf4 Kg6 28. Ra7 Rb6 29. c4 Rc6 30. cxb5 axb5 31. Rg4+ Kf6 32. Rb4 Rc5 33. g4 h5
34. gxh5 Rxh5 35. Ra5 Rc8 36. g4 Rg5 37. Kg2 Rc3 38. f3 Rd5 39. Kg3 Rdd3 40.
Rf4+ Kg6 41. Rxb5 Rxa3 42. g5 1/2-1/2

[Event "NED-ch 1989"]
[Site "Hilversum"]
[Date "1989.??.??"]
[Round "5"]
[White "Brenninkmeijer, Joris"]
[Black "Gelpke, Peter"]
[Result "1-0"]
[WhiteElo "2415"]
[BlackElo "2395"]
[PlyCount "41"]
[EventDate "1989.04.??"]
[Source "ChessBase"]
[SourceDate "1996.11.15"]

1. d4 d5 2. Nf3 Nf6 3. c4 dxc4 4. Nc3 c5 5. d5 e6 6. e4 Nxe4 7. Nxe4 exd5 8.
Nc3 Be6 9. Ng5 Be7 10. Nxe6 fxe6 11. g3 Bf6 12. Bh3 Kf7 13. O-O Re8 14. Qh5+
Kg8 15. Re1 g6 16. Qf3 Kf7 17. Bg5 Nd7 18. Nxd5 exd5 19. Qxd5+ Kg7 20. Rxe8
Qxe8 21. Bxd7 1-0

[Event "NED-ch 1989"]
[Site "Hilversum"]
[Date "1989.??.??"]
[Round "5"]
[White "Douven, Rudy"]
[Black "Kuijf, Rini"]
[Result "0-1"]
[WhiteElo "2445"]
[BlackElo "2485"]
[PlyCount "52"]
[EventDate "1989.04.??"]
[Source "ChessBase"]
[SourceDate "1996.11.15"]

1. d4 d5 2. c4 c6 3. Nc3 Nf6 4. cxd5 cxd5 5. Bf4 Nc6 6. e3 e6 7. Bd3 Be7 8. h3
Bd6 9. Qf3 e5 10. dxe5 Nxe5 11. Bxe5 Bxe5 12. Nge2 O-O 13. O-O Bd7 14. Rad1 Bc6
15. Nd4 Bxd4 16. exd4 Re8 17. Qf4 Nh5 18. Qf3 Nf6 19. Rfe1 Rxe1+ 20. Rxe1 Qb6
21. Qf4 Qxb2 22. Re3 Re8 23. Rf3 Re1+ 24. Kh2 Qc1 25. Qh4 g5 26. Bxh7+ Kg7 0-1

[Event "NED-ch 1989"]
[Site "Hilversum"]
[Date "1989.??.??"]
[Round "5"]
[White "Langeweg, Kick"]
[Black "Nijboer, Friso"]
[Result "1-0"]
[WhiteElo "2365"]
[BlackElo "2445"]
[PlyCount "79"]
[EventDate "1989.04.??"]
[Source "ChessBase"]
[SourceDate "1996.11.15"]

1. d4 Nf6 2. c4 g6 3. Nc3 Bg7 4. e4 d6 5. Be2 O-O 6. Bg5 c6 7. Qd2 a6 8. Nf3 b5
9. a3 bxc4 10. Bxc4 Nxe4 11. Nxe4 d5 12. Bd3 dxe4 13. Bxe4 Ra7 14. O-O Be6 15.
Rac1 Qb6 16. Bh6 Rd8 17. Bxg7 Kxg7 18. Qf4 Bd5 19. Rfe1 Bxe4 20. Rxe4 Qxb2 21.
Ne5 f5 22. Nd3 Qxc1+ 23. Qxc1 fxe4 24. Nc5 Rd5 25. Qf4 Nd7 26. Ne6+ Kg8 27. g4
Rd6 28. Qxe4 Nf6 29. Qb1 Ra8 30. Qb3 Nd5 31. Nc7 Rf8 32. Nxa6 Rf4 33. h3 Rxd4
34. Nc5 Kg7 35. Qb2 e5 36. Qb8 Nf4 37. Qc7+ Kh6 38. Qe7 Nxh3+ 39. Kh2 Nf4 40.
Ne4 1-0

[Event "NED-ch 1989"]
[Site "Hilversum"]
[Date "1989.??.??"]
[Round "5"]
[White "Van der Sterren, Paul"]
[Black "Vanheste, Jeroen"]
[Result "1/2-1/2"]
[WhiteElo "2500"]
[BlackElo "2410"]
[PlyCount "59"]
[EventDate "1989.04.??"]
[Source "ChessBase"]
[SourceDate "1996.11.15"]

1. c4 e5 2. g3 Nc6 3. Bg2 g6 4. Nc3 Bg7 5. d3 d6 6. Rb1 Nf6 7. b4 O-O 8. b5 Ne7
9. Nf3 Nh5 10. O-O f5 11. Bg5 Nf6 12. Nd5 Nfxd5 13. cxd5 h6 14. Bxe7 Qxe7 15.
Qc2 Rf7 16. Rb4 a5 17. bxa6 Rxa6 18. Nd2 h5 19. a4 Bh6 20. Nb1 f4 21. Nc3 h4
22. gxf4 exf4 23. Re4 Qd8 24. Nb5 f3 25. Bxf3 Bh3 26. Bg4 Bxf1 27. Kxf1 Kh7 28.
Be6 Rg7 29. Rc4 Qf6 30. Rxc7 1/2-1/2

[Event "NED-ch 1989"]
[Site "Hilversum"]
[Date "1989.??.??"]
[Round "6"]
[White "Douven, Rudy"]
[Black "Van der Sterren, Paul"]
[Result "1-0"]
[WhiteElo "2445"]
[BlackElo "2500"]
[PlyCount "59"]
[EventDate "1989.04.??"]
[Source "ChessBase"]
[SourceDate "1996.11.15"]

1. d4 Nf6 2. c4 e6 3. Nc3 d5 4. cxd5 exd5 5. Bg5 Be7 6. e3 O-O 7. Bd3 c6 8. Qc2
Nbd7 9. Nf3 Re8 10. O-O Nf8 11. Rab1 Ng6 12. b4 Bd6 13. b5 h6 14. bxc6 bxc6 15.
Bxf6 Qxf6 16. e4 Nf4 17. e5 Qe6 18. Ne2 Nxg2 19. Ng3 Nf4 20. Bh7+ Kh8 21. Bf5
Qe7 22. Bxc8 Raxc8 23. Qf5 Ng6 24. exd6 Qxd6 25. Rfe1 Kg8 26. Rxe8+ Rxe8 27.
Rb7 Re7 28. Qc8+ Kh7 29. Rb8 Nf4 30. Ne5 1-0

[Event "NED-ch 1989"]
[Site "Hilversum"]
[Date "1989.??.??"]
[Round "6"]
[White "Gelpke, Peter"]
[Black "Piket, Jeroen"]
[Result "0-1"]
[WhiteElo "2395"]
[BlackElo "2500"]
[PlyCount "49"]
[EventDate "1989.04.??"]
[Source "ChessBase"]
[SourceDate "1996.11.15"]

1. d4 Nf6 2. Nf3 g6 3. c4 Bg7 4. Nc3 O-O 5. e4 d6 6. h3 Nbd7 7. Be3 e5 8. d5
Nc5 9. Nd2 a5 10. a3 Ne8 11. b4 axb4 12. axb4 Rxa1 13. Qxa1 Nd7 14. g4 f5 15.
gxf5 gxf5 16. exf5 e4 17. Qa3 Ne5 18. Ncxe4 Bxf5 19. Ng3 Bg6 20. f4 Qh4 21. Rg1
Rxf4 22. Bxf4 Qxf4 23. Ne2 Qh4+ 24. Kd1 Nxc4 25. Rg4 0-1

[Event "NED-ch 1989"]
[Site "Hilversum"]
[Date "1989.??.??"]
[Round "6"]
[White "Kuijf, Rini"]
[Black "Blees, Albert"]
[Result "1/2-1/2"]
[WhiteElo "2485"]
[BlackElo "2345"]
[PlyCount "71"]
[EventDate "1989.04.??"]
[Source "ChessBase"]
[SourceDate "1996.11.15"]

1. e4 Nf6 2. e5 Nd5 3. d4 d6 4. Nf3 g6 5. Bc4 Nb6 6. Bb3 Bg7 7. a4 a5 8. Ng5 e6
9. f4 dxe5 10. fxe5 c5 11. O-O O-O 12. c3 cxd4 13. cxd4 Nc6 14. Nf3 f6 15. exf6
Qxf6 16. Be3 Nd5 17. Bf2 Nf4 18. Nc3 Nh3+ 19. gxh3 Qxf3 20. Qxf3 Rxf3 21. d5
Nd4 22. Bxd4 Bxd4+ 23. Kg2 Rxf1 24. Rxf1 exd5 25. Bxd5+ Kg7 26. Rf7+ Kh6 27.
Ne4 Bf5 28. Ng3 Bc2 29. Rxb7 Bxa4 30. b4 Rd8 31. Be4 axb4 32. Rxb4 Bd1 33. Bf3
Bc2 34. Be4 Bc5 35. Rc4 Rd2+ 36. Kf1 1/2-1/2

[Event "NED-ch 1989"]
[Site "Hilversum"]
[Date "1989.??.??"]
[Round "7"]
[White "Blees, Albert"]
[Black "Cuijpers, Frans"]
[Result "1/2-1/2"]
[WhiteElo "2345"]
[BlackElo "2405"]
[PlyCount "118"]
[EventDate "1989.04.??"]
[Source "ChessBase"]
[SourceDate "1996.11.15"]

1. d4 Nf6 2. c4 c6 3. Nc3 d5 4. Nf3 dxc4 5. a4 Bf5 6. Ne5 e6 7. f3 Bb4 8. e4
Bxe4 9. fxe4 Nxe4 10. Bd2 Qxd4 11. Nxe4 Qxe4+ 12. Qe2 Bxd2+ 13. Kxd2 Qd5+ 14.
Kc2 Na6 15. Nxc4 O-O-O 16. Qe5 f6 17. Qe3 Kb8 18. Be2 Qxg2 19. Rhg1 Qxh2 20.
Rxg7 Nb4+ 21. Kb3 Nd5 22. Qf3 Qf4 23. Rf1 Qd4 24. Qf2 Qxf2 25. Rxf2 Rc8 26. Bh5
Rc7 27. Rfg2 Rd8 28. Bf7 Re7 29. Rxh7 Kc7 30. Bg6 Rxh7 31. Bxh7 b5 32. axb5
cxb5 33. Nd2 f5 34. Bg8 Kb6 35. Bf7 Nf4 36. Rf2 Nd3 37. Rh2 Rd7 38. Be8 Re7 39.
Bg6 Rc7 40. Ka2 Nb4+ 41. Kb3 a5 42. Re2 Rc6 43. Bf7 Nd3 44. Re3 Nc5+ 45. Ka2
Rc7 46. Bh5 Rd7 47. Nb3 Ne4 48. Bf3 Ng5 49. Bg2 a4 50. Nc1 Rd1 51. Nd3 Rg1 52.
Nf4 b4 53. Re5 Kc7 54. Ra5 a3 55. bxa3 bxa3 56. Ba8 Rg4 57. Nd3 Rg3 58. Rxa3 e5
59. Nxe5 Rxa3+ 1/2-1/2

[Event "NED-ch 1989"]
[Site "Hilversum"]
[Date "1989.??.??"]
[Round "7"]
[White "Brenninkmeijer, Joris"]
[Black "Vanheste, Jeroen"]
[Result "1-0"]
[WhiteElo "2415"]
[BlackElo "2410"]
[PlyCount "55"]
[EventDate "1989.04.??"]
[Source "ChessBase"]
[SourceDate "1996.11.15"]

1. d4 f5 2. c4 Nf6 3. g3 g6 4. Bg2 Bg7 5. Nf3 O-O 6. O-O d6 7. Nc3 Qe8 8. b3
Na6 9. Ba3 c6 10. Qd3 Rb8 11. e4 b5 12. e5 b4 13. exf6 Bxf6 14. Bb2 bxc3 15.
Bxc3 Bd7 16. Rfe1 Qf7 17. Ne5 Bxe5 18. dxe5 Nc5 19. Qd4 Ne6 20. Qxa7 Nc5 21.
exd6 exd6 22. Bxc6 Bxc6 23. Re7 Rb7 24. Rxf7 Rfxf7 25. Qa5 Ne4 26. f3 Ra7 27.
Qd8+ Rf8 28. Qb6 1-0

[Event "NED-ch 1989"]
[Site "Hilversum"]
[Date "1989.??.??"]
[Round "7"]
[White "Langeweg, Kick"]
[Black "Douven, Rudy"]
[Result "1/2-1/2"]
[WhiteElo "2365"]
[BlackElo "2445"]
[PlyCount "67"]
[EventDate "1989.04.??"]
[Source "ChessBase"]
[SourceDate "1996.11.15"]

1. d4 Nf6 2. c4 g6 3. Nc3 Bg7 4. e4 O-O 5. Be2 d6 6. Bg5 Nc6 7. d5 Ne5 8. Nf3
h6 9. Bf4 g5 10. Nxe5 gxf4 11. Nd3 e5 12. g3 Nh7 13. Qd2 f5 14. O-O-O fxe4 15.
Nxe4 f3 16. Bf1 Bf5 17. Nc3 a6 18. Nb4 e4 19. Nc2 b5 20. cxb5 axb5 21. Bxb5
Bxc3 22. Qxc3 Rxa2 23. Bc4 Ra7 24. Qe3 Qg5 25. h4 Qxe3+ 26. Nxe3 h5 27. Kc2 Bd7
28. Kc3 Nf6 29. Ra1 Rfa8 30. Rxa7 Rxa7 31. Rc1 Kg7 32. Kd4 Rb7 33. Rc2 Kg6 34.
Ba6 1/2-1/2